<?xml version="1.0" encoding="UTF-8"?>
<record
    xmlns:xsi="http://www.w3.org/2001/XMLSchema-instance"
    xsi:schemaLocation="http://www.loc.gov/MARC21/slim http://www.loc.gov/standards/marcxml/schema/MARC21slim.xsd"
    xmlns="http://www.loc.gov/MARC21/slim">

  <leader>02167nam a2200361   4500</leader>
  <controlfield tag="001">356</controlfield>
  <controlfield tag="003">OSt</controlfield>
  <controlfield tag="005">20250528074019.0</controlfield>
  <controlfield tag="008">250401b        |||||||g |||| 00| 1 eng d</controlfield>
  <datafield tag="040" ind1=" " ind2=" ">
    <subfield code="b">por</subfield>
  </datafield>
  <datafield tag="041" ind1=" " ind2=" ">
    <subfield code="h">ita</subfield>
    <subfield code="a">por</subfield>
  </datafield>
  <datafield tag="082" ind1=" " ind2=" ">
    <subfield code="a">853</subfield>
    <subfield code="b">E19n</subfield>
  </datafield>
  <datafield tag="100" ind1="1" ind2=" ">
    <subfield code="a">Eco, Umberto,</subfield>
    <subfield code="d">1932-2016</subfield>
    <subfield code="9">409</subfield>
  </datafield>
  <datafield tag="240" ind1=" " ind2=" ">
    <subfield code="a">Il nome della rosa</subfield>
  </datafield>
  <datafield tag="245" ind1=" " ind2=" ">
    <subfield code="a">O nome da Rosa /</subfield>
    <subfield code="c">Eco, Umberto ; Tradu&#xE7;&#xE3;o de Aurora Bernardi e Homero Freitas de Andrade</subfield>
  </datafield>
  <datafield tag="260" ind1=" " ind2=" ">
    <subfield code="a">S&#xE3;o Paulo</subfield>
    <subfield code="b">O Globo</subfield>
    <subfield code="c">2003</subfield>
  </datafield>
  <datafield tag="300" ind1=" " ind2=" ">
    <subfield code="a">479 p.</subfield>
  </datafield>
  <datafield tag="490" ind1="1" ind2=" ">
    <subfield code="a">Biblioteca Folha</subfield>
    <subfield code="v">vol. 02</subfield>
  </datafield>
  <datafield tag="520" ind1=" " ind2=" ">
    <subfield code="a">Fic&#xE7;&#xE3;o de estr&#xE9;ia de um dos mais respeitados te&#xF3;ricos da semi&#xF3;tica, O Nome da Rosa transformou-se em prod&#xED;gio editorial logo ap&#xF3;s seu lan&#xE7;amento, em 1980. Tamanho sucesso n&#xE3;o parecia prov&#xE1;vel para um romance cuja trama se desenrola em um mosteiro italiano na &#xFA;ltima semana de novembro de 1327. Ali, em meio a intensos debates religiosos, o frade franciscano ingl&#xEA;s Guilherme de Baskerville e seu jovem auxiliar, Adso, envolvem-se na investiga&#xE7;&#xE3;o das ins&#xF3;litas mortes de sete monges, em sete dias e sete noites. Os crimes se irradiam a partir da biblioteca do mosteiro - a maior biblioteca do mundo crist&#xE3;o, cuja riqueza ajuda a explicar o t&#xED;tulo do romance: "o nome da rosa" era uma express&#xE3;o usada na Idade M&#xE9;dia para denotar o infinito poder das palavras.
Narrado com a ast&#xFA;cia e gra&#xE7;a de quem apreciou (e explicou) como poucos as artes do romance policial, O Nome da Rosa encena discuss&#xF5;es de grandes temas da filosofia europeia, num contexto que faz desses debates um ingrediente a mais da fic&#xE7;&#xE3;o. O livro de Eco &#xE9; ainda uma defesa da com&#xE9;dia - a express&#xE3;o do homem livre, capaz de resistir com ironia ao peso de homens e livros.</subfield>
  </datafield>
  <datafield tag="650" ind1=" " ind2="0">
    <subfield code="a">Literatura italiana</subfield>
    <subfield code="9">164</subfield>
  </datafield>
  <datafield tag="650" ind1=" " ind2="0">
    <subfield code="a">Religi&#xE3;o</subfield>
    <subfield code="9">100</subfield>
  </datafield>
  <datafield tag="650" ind1=" " ind2="0">
    <subfield code="a">Medieval </subfield>
    <subfield code="9">170</subfield>
  </datafield>
  <datafield tag="650" ind1=" " ind2="0">
    <subfield code="a">Pol&#xEA;mica</subfield>
    <subfield code="9">117</subfield>
  </datafield>
  <datafield tag="650" ind1=" " ind2="0">
    <subfield code="a">Hist&#xF3;rico</subfield>
    <subfield code="9">53</subfield>
  </datafield>
  <datafield tag="650" ind1=" " ind2="0">
    <subfield code="a">Cl&#xE1;ssicos</subfield>
    <subfield code="9">77</subfield>
  </datafield>
  <datafield tag="650" ind1=" " ind2="0">
    <subfield code="a">Humor</subfield>
    <subfield code="9">60</subfield>
  </datafield>
  <datafield tag="655" ind1=" " ind2="0">
    <subfield code="a">Romance</subfield>
    <subfield code="9">23</subfield>
  </datafield>
  <datafield tag="655" ind1=" " ind2="0">
    <subfield code="a">Fic&#xE7;&#xE3;o </subfield>
    <subfield code="9">22</subfield>
  </datafield>
  <datafield tag="700" ind1=" " ind2=" ">
    <subfield code="a">Aurora Bernardi</subfield>
    <subfield code="e">Tradu&#xE7;&#xE3;o</subfield>
    <subfield code="9">413</subfield>
  </datafield>
  <datafield tag="700" ind1=" " ind2=" ">
    <subfield code="a">Homero Freita de Andrade</subfield>
    <subfield code="e">Tradutor</subfield>
    <subfield code="9">414</subfield>
  </datafield>
  <datafield tag="830" ind1=" " ind2=" ">
    <subfield code="a">Biblioteca Folha</subfield>
    <subfield code="v">vol. 02</subfield>
    <subfield code="9">734</subfield>
  </datafield>
  <datafield tag="942" ind1=" " ind2=" ">
    <subfield code="2">ddc</subfield>
    <subfield code="n">0</subfield>
    <subfield code="c">BK</subfield>
  </datafield>
  <datafield tag="952" ind1=" " ind2=" ">
    <subfield code="0">0</subfield>
    <subfield code="1">0</subfield>
    <subfield code="2">ddc</subfield>
    <subfield code="4">0</subfield>
    <subfield code="7">0</subfield>
    <subfield code="8">FIC</subfield>
    <subfield code="a">BIBIB</subfield>
    <subfield code="b">BIBIB</subfield>
    <subfield code="c">LE</subfield>
    <subfield code="d">2011-04-26</subfield>
    <subfield code="e">doa&#xE7;&#xE3;o</subfield>
    <subfield code="l">0</subfield>
    <subfield code="o">853 / E19n</subfield>
    <subfield code="p">2025-1578</subfield>
    <subfield code="r">2025-04-01 09:49:15</subfield>
    <subfield code="t">Ex. 01</subfield>
    <subfield code="w">2025-04-01</subfield>
    <subfield code="y">BK</subfield>
  </datafield>
  <datafield tag="952" ind1=" " ind2=" ">
    <subfield code="0">0</subfield>
    <subfield code="1">0</subfield>
    <subfield code="2">ddc</subfield>
    <subfield code="4">0</subfield>
    <subfield code="7">0</subfield>
    <subfield code="8">FIC</subfield>
    <subfield code="a">BIBIB</subfield>
    <subfield code="b">BIBIB</subfield>
    <subfield code="c">LE</subfield>
    <subfield code="d">2011-04-26</subfield>
    <subfield code="e">doa&#xE7;&#xE3;o</subfield>
    <subfield code="l">0</subfield>
    <subfield code="o">853 / E19n</subfield>
    <subfield code="p">2025-14933</subfield>
    <subfield code="r">2025-04-01 09:49:15</subfield>
    <subfield code="t">Ex. 02</subfield>
    <subfield code="w">2025-04-01</subfield>
    <subfield code="y">BK</subfield>
  </datafield>
  <datafield tag="999" ind1=" " ind2=" ">
    <subfield code="c">356</subfield>
    <subfield code="d">356</subfield>
  </datafield>
</record>
